000 00661cam a2200217 4500
001 D15478
008 090401t1974 xxu||||| |||| 00| 0 eng d
035 _a(Sirsi) u23092
041 _aeng
050 _a692.5
100 _aFlanagan, Roger
245 4 _aThe historical development of the art of quantity surveying up to 1800
260 _bUnpublished RICS
_c1974
300 _a20p. bibliog. appendix
350 _a0
520 _aFiled in box 1974/15 A; Roger Flanagan, Winner of the Ryde Memorial Prize 1974.
710 _aRoyal Institution of Chartered Surveyors
_94900
710 _aJunior Organisation
_91081
942 _n0
948 _c04/03/1997
999 _c88319
_d88319